| 000 | 01224cam a2200349 i 4500 | ||
|---|---|---|---|
| 001 | 2197317 | ||
| 005 | 20190326095507.0 | ||
| 008 | 760423s1974 nyua 001 0deng | ||
| 010 | _a 73081691 | ||
| 020 | _a0882250744 | ||
| 020 | _a0882250752 | ||
| 040 |
_aDLC _cDLC _dDLC |
||
| 042 | _alcac | ||
| 050 | 0 | 0 |
_aD358.5 _b.N37 1974 |
| 082 | 0 | 0 | _a909.81 |
| 830 | 0 | _aMilestones of history ; | |
| 245 | 0 | 0 |
_aNations and empires / _ceditor, Alan Palmer. |
| 250 | _aRev. and expanded ed. | ||
| 260 |
_aNew York : _bNewsweek Books, _c1974. |
||
| 300 |
_a160 p. : _bill. (some col.) ; _c30 cm. |
||
| 490 | 1 | _aMilestones of history ; 9 | |
| 500 | _aTogether with Age of optimism (published in 1974) forms a rev. and expanded ed. of Age of optimism, published in 1970. | ||
| 500 | _aIncludes index. | ||
| 520 | _aTraces milestones in history from the Crimean War of 1854 to the publication of Sigmund Freud's treatise on dreams in 1900. | ||
| 650 | 0 |
_aHistory, Modern _y19th century. |
|
| 650 | 1 |
_aHistory, Modern _y19th century. |
|
| 700 | 1 |
_aPalmer, Alan, _d1926- |
|
| 830 | 0 |
_pnew series _v9. |
|
| 906 |
_a7 _bcbc _corignew _d2 _eopcn _f19 _gy-gencatlg |
||
| 942 |
_2lcc _cBK |
||
| 999 |
_c45573 _d45573 |
||